| 000 | 00613nam a2200205 i 4500 | ||
|---|---|---|---|
| 001 | 125570 | ||
| 003 | ES-MaACL | ||
| 005 | 20250830020103.0 | ||
| 007 | t| | ||
| 008 | 070619s1970 sp ||||1| spa d | ||
| 100 | 1 |
_aZiegel, Gerard. _9118229 |
|
| 245 | 1 | 0 |
_aHaya luz _b: . Encuesta y testimonio sobre la fé / _cGerard Ziegel; [versión... por J. Sagastume]. |
| 260 |
_aBilbao : _bMensajero, _c[1970] |
||
| 300 |
_a141 p. ; _c19 cm. |
||
| 650 | 1 | 7 |
_aTeología dogmática _2embne _917468 |
| 650 | 1 | 4 |
_aFe. _912734 |
| 700 | 1 |
_aSagastume, J. _9101427 |
|
| 852 |
_aES-MaACL _jC-51130 |
||
| 999 |
_c125570 _d125570 |
||